Sports Quiz

Random Sports or Football Quiz

Norwegian Players in French Football Quiz Stats

 Plays Quiz not verified by Sporcle

Challenge
Share
Tweet
Embed
Score 0/32 Timer 08:00
0 Plays Today
Club Player % Correct
LyonJohn Carew
81.2%
MonacoJohn Arne Riise
70.3%
Le MansThorstein Helstad
63.4%
ToulouseDaniel Braaten
58.4%
RennesAlexander Tettey
50.5%
Le MansFredrik Strømstad
39.6%
BastiaBjørn Tore Kvarme
35.6%
RennesKjetil Rekdal
35.6%
Saint EtienneBjørn Tore Kvarme
35.6%
Le MansDan Eggen
31.7%
MonacoHassan El Fakiri
24.8%
AjaccioOusman Nyan
17.8%
GuingampHans Herman Henriksen
15.8%
Le HavreHans Herman Henriksen
15.8%
RC ParisArne Larsen Økland
15.8%
ValenciennesHans Herman Henriksen
15.8%
Club Player % Correct
MulhouseTerje Kojedal
14.9%
ValenciennesTerje Kojedal
14.9%
MetzAlexander Ødegaard
13.9%
SedanGeir Frigård
7.9%
Stade FrancaisWilly Andresen
5%
Stade FrancaisIvar Morten Normark
3%
CannesGeir Petter Pettersen
1%
Club FrancaisThøger Nordby
1%
MulhouseArve Seland
1%
SochauxInge Cecil Paulsen
1%
SochauxHarald Pettersen
1%
Stade FrancaisTorgeir Torgersen
1%
NancyGeorg Monsen
0%
NancyGunnar Stensland
0%
RC ParisHans Nylund
0%
SochauxPer Figved
0%

You're not logged in!

Compare scores with friends on all Sporcle quizzes.
Join for Free
OR
Log In

You Might Also Like...

Show Comments

Extras

Top Quizzes Today


Score Distribution

Your Account Isn't Verified!

In order to create a playlist on Sporcle, you need to verify the email address you used during registration. Go to your Sporcle Settings to finish the process.

Report this User

Report this user for behavior that violates our Community Guidelines.

Details: